000 01233nam a22003497a 4500
003 CHAP
005 20220817044544.0
008 121011s2012 it ab rn 00010 spa d
010 _a104063
011 _a105035
020 _a9789251072424
035 _a115727
040 _cCHAP
082 0 4 _a636.2
_bF212y
110 2 _aFAO
245 1 0 _aLivestock sector development for poverty reduction :
_ban economic and policy perspective : livestock<U+2019>s many virtues
_c/por J. Otte ... [et al.].
260 _aRoma :
_bFAO,
_c2012
300 _axix, 161 p. :
_bilus., gráfs., mapas, tablas
590 _aBATCH-UPD
_b10
_c20130110
_lUCH01
_h0308
590 _aBATCH-UPD
_b10
_c20130110
_lUCH01
_h0323
590 _aBATCH-UPD
_b10
_c20130110
_lUCH01
_h0350
590 _aBATCH-UPD
_b10
_c20130409
_lUCH01
_h2259
590 _aBATCH-UPD
_b10
_c20130913
_lUCH01
_h2115
590 _aCONVERSION
_b10
_c20130109
_lUCH01
_h1357
650 1 4 _aComunidades rurales.
_926254
650 1 4 _aGanadería
_xAspectos económicos
_xPaíses subdesarrollados.
_944642
650 1 4 _aPobreza.
_989463
700 1 _aOtte, Joachim
_984339
901 _aBK
942 _cLIBRO
949 _a636.2 F212y
_bBC
_cFAO
_d33724002350694
_eFAO1
_gDonaciØn
_h117425
_i115727
_st
999 _c104063
_d104063